Návrh motivačného systému zamestnancov v podniku WERTHEIM, s.r.o. Dunajská Streda

Guardado en:
Detalles Bibliográficos
Autor principal: Kostrejová, Zuzana, 1985- (Autor)
Otros Autores: Černá, Ľubica, 1967- (Orientador)
Formato: Manuscrito Libro
Lenguaje:eslovaco
Publicado: STU v Bratislave MTF UPMK, 2010
Materias:
Acceso en línea:VAIS
Etiquetas: Agregar Etiqueta
Sin Etiquetas, Sea el primero en etiquetar este registro!

MARC

LEADER 00000ntm a22000003a 4500
001 stu206398
005 20160719160242.3
008 100703s2010------------------------slo-d
040 |a STU  |b slo 
041 0 |a slo 
100 1 |a Kostrejová, Zuzana,  |d 1985-  |4 aut  |X 24581  |7 A000024581 
242 0 0 |a Proposal of motivational system of employ in a company WERTHEIM, s.r.o., Dunajská Streda  |y eng 
245 1 |a Návrh motivačného systému zamestnancov v podniku WERTHEIM, s.r.o. Dunajská Streda 
260 |b STU v Bratislave MTF UPMK,  |c 2010 
650 7 |a human resources  |2 estusub 
650 7 |a ľudské zdroje  |2 stusub 
650 7 |a pracovná motivácia  |2 stusub 
650 7 |a motivačné faktory  |2 stusub 
700 1 |a Černá, Ľubica,  |d 1967-  |4 ths  |u M4000  |U MTF Materiálovotechnologická fakulta  |T MTF Ústav priemyselného inžinierstva a manažmentu  |X 2813  |U M4000  |Y 84  |7 A000002813 
856 4 |a info a plný text  |u http://is.stuba.sk/zp/portal_zp.pl?podrobnosti=58168  |3 VAIS 
996 |c M*DP-9402  |l MMSKP  |s P  |a 0  |w stu206398_0001